Normal view MARC view
  • Creative thinking

Entry Topical Term

Number of records used in: 26

001 - CONTROL NUMBER

  • control field: 1035

003 - CONTROL NUMBER IDENTIFIER

  • control field: OSt

005 - DATE AND TIME OF LATEST TRANSACTION

  • control field: 20170503164341.0

008 - FIXED-LENGTH DATA ELEMENTS

  • fixed length control field: 170503|| aca||aabn | a|a d

040 ## - CATALOGING SOURCE

  • Original cataloging agency: OSt
  • Transcribing agency: OSt

150 ## - HEADING--TOPICAL TERM

  • Topical term or geographic name entry element: Creative thinking

670 ## - SOURCE DATA FOUND

  • Source citation: Work cat.: (OSt)0: Ainon Muhammad, 1950- 343, Seni berfikir kreatif /, 1996
Pusat Sumber Maklumat Dato' Haji Sarmin Md Hussin, Akademi Kastam Diraja Malaysia, Melaka
Tel: 06-2331106 | Faks: 06-2313787